000 00814nam a22003010a 4500
001 PT45323
003 AR-LpoUNG
005 20210131231044.0
008 191001s2010||||ag |||||||||||||||||spa d
020 _a9789871728060
_c$7,27
040 _aAR-LpoUNG
_bspa
_cAR-LpoUNG
_eaacr
041 _aspa
044 _aag
082 0 _a808.068 3 243cir
100 1 _aSaracino, Luciano
245 1 0 _aCiro Todorov :
_bel niño lúgubre
250 _a1§ ed.
260 _aBuenos Aires :
_bOVNI,
_c2010.
300 _a32 p. :
_bil.
505 0 _aSugerido a partir de 10 años (etiqueta VIOLETA)
650 4 _aCUENTOS
650 4 _aLITERATURA
651 4 _aDOCUMENTOS TEORICOS O METODOLOGICOS
653 _aLITERATURA INFANTIL
700 1 _aRossia, Fernando Cristián
_eil.
905 _a45323
942 _cLIB
999 _c7736
_d7736